000 00449cam a2200169ua 4500
041 _aeng
_h
082 _a823.308
_bMAG/CA
100 _aMagham, Somerset .
245 _aCakes and Ale /
_cSomerset Magham.
_hTextual Documents
260 _aLondon :
_bJ M Dent and Sons Ltd ,
_c1958.
300 _a280 ; .
440 0 _aEveryman`s library,
_v932
_x;
490 0 _aEveryman`s library,
_v932
_x;
504 _a
942 _cBK
999 _c1037
_d1037